Introduction

Salvato in:
Dettagli Bibliografici
Autore principale: Szarková, Miroslava, 1951-
Natura: Capitolo di libro
Lingua:inglese
Tags: Aggiungi Tag
Nessun Tag, puoi essere il primo ad aggiungerne!!

MARC

LEADER 00000naa$a2200000$$$4500
001 0204221
005 20240502073417.0
041 0 |a eng 
044 |a SK 
245 1 0 |a Introduction  |c Miroslava Szarková 
100 1 |a Szarková, Miroslava, 1951-